000 00460nam a2200181Ia 4500
005 20250508154102.0
008 008 250505s9999 xx 000 0 eng d
037 _aTextual
040 _aFEDL
_beng
_cFEDL
041 _aeng
_2eng
084 _aF, CON
_qFEDL
100 _aConrad Joseph
245 0 _aVictory
260 _aNew York, USA
_bThe Modern Library
_c1915
300 _axvi,385p.
942 _cTEXL
_hF, CON
999 _c1347523
_d1347523